| 000 | 01453nam a2200241 a 4500 | ||
|---|---|---|---|
| 008 | 190823s2015 ||||||||||||||||| || u | ||
| 020 | _a9781292068909 | ||
| 050 | _aTJ 216 Fra | ||
| 100 | _aFranklin, Gene F | ||
| 245 | 1 | 0 |
_aFeedback control of dynamic systems. (7th edition) _cBy Gene F. Franklin ; J. David Powell ; Abbas Emami-Naeini ; Global editions contributions by Sanjay H.S. |
| 250 | _a7th edition | ||
| 260 |
_aBoston _bPearson _c2015 |
||
| 300 | _a880 pages : illustrations | ||
| 650 | _aFEEDBACK CONTROL SYSTEMS | ||
| 700 | _aEmami-Naeini, Abbas | ||
| 700 | _aPowell, J. David | ||
| 700 | _aSanjay, H.S | ||
| 995 |
_aMAIN LIBRARY OPEN ACCESS _D69.97 _e749777 _FCBU-MAIN LIBRARY (Kitwe) _jTJ 216 Fra _M3 _UAVAILABLE _WAug 23, 2019 _y749777 _ZMain Library Open Access Collection |
||
| 995 |
_aMAIN LIBRARY OPEN ACCESS _D69.97 _e749776 _FCBU-MAIN LIBRARY (Kitwe) _jTJ 216 Fra _M1 _UAVAILABLE _WAug 23, 2019 _y749776 _ZMain Library Open Access Collection |
||
| 995 |
_aMAIN LIBRARY OPEN ACCESS _D69.97 _e749779 _FCBU-MAIN LIBRARY (Kitwe) _jTJ 216 Fra _M5 _UAVAILABLE _WAug 23, 2019 _y749779 _ZMain Library Open Access Collection |
||
| 995 |
_aMAIN LIBRARY OPEN ACCESS _D69.97 _e749780 _FCBU-MAIN LIBRARY (Kitwe) _jTJ 216 Fra _M2 _UAVAILABLE _WAug 23, 2019 _y749780 _ZMain Library Open Access Collection |
||
| 995 |
_aMAIN LIBRARY OPEN ACCESS _D69.97 _e749778 _FCBU-MAIN LIBRARY (Kitwe) _jTJ 216 Fra _M4 _UAVAILABLE _WAug 23, 2019 _y749778 _ZMain Library Open Access Collection |
||
| 999 |
_c63003 _d63003 |
||